EM-Kader 2024 Frankreich - Statistiken

Allgemein
  • Dieses Quiz wurde 283 mal gespielt
  • Das Durchschnittsergebnis liegt bei 17 aus 26
Antwortstatistiken
Position Rückennummer Spieler % Korrekt
Angriff 10 Kylian Mbappe
97%
Torhüter 16 Mike Maignan
90%
Angriff 11 Ousmane Dembele
85%
Angriff 7 Antoine Griezmann
84%
Mittefeld 13 Ngolo Kante
84%
Angriff 9 Olivier Giroud
84%
Abwehr 4 Dayot Upamecano
83%
Abwehr 22 Theo Hernandez
82%
Mittelfeld 14 Adrien Rabiot
75%
Mittelfeld 6 Eduardo Camavinga
75%
Mittelfeld 8 Aurelien Tchouameni
73%
Abwehr 5 Jules Kounde
70%
Abwehr 17 William Saliba
66%
Trainer Didier Deschamps
64%
Angriff 12 Randal Kolo-Muani
61%
Angriff 15 Marcus Thuram
59%
Abwehr 2 Benjamin Pavard
58%
Abwehr 24 Ibrahima Konate
57%
Angriff 20 Kingsley Coman
57%
Torhüter 23 Alphonse Areola
53%
Angriff 25 Bradley Barcola
47%
Abwehr 21 Jonathan Clauss
44%
Torhüter 1 Brice Samba
41%
Abwehr 3 Ferland Mendy
41%
Mittefeld 18 Warren Zaire-Emery
33%
Mittelfeld 19 Youssouf Fofana
30%
Keine übereinstimmenden Quizze gefunden
Verteilung der Resultate
Anzahl Personen mit jedem Resultat
Perzentil nach korrekt beantworteten Fragen
Ihre Resultats-Entwicklung
Sie haben dieses Quiz noch nicht gespielt